<?xml version="1.0" encoding="UTF-8"?><?xml-stylesheet type="text/xsl" href="static/style.xsl"?><OAI-PMH xmlns="http://www.openarchives.org/OAI/2.0/" xmlns:xsi="http://www.w3.org/2001/XMLSchema-instance" xsi:schemaLocation="http://www.openarchives.org/OAI/2.0/ http://www.openarchives.org/OAI/2.0/OAI-PMH.xsd"><responseDate>2026-04-13T15:00:58Z</responseDate><request verb="GetRecord" identifier="oai:www.recercat.cat:2117/169011" metadataPrefix="marc">https://recercat.cat/oai/request</request><GetRecord><record><header><identifier>oai:recercat.cat:2117/169011</identifier><datestamp>2025-07-22T22:47:37Z</datestamp><setSpec>com_2072_1033</setSpec><setSpec>col_2072_452951</setSpec></header><metadata><record xmlns="http://www.loc.gov/MARC21/slim" xmlns:dcterms="http://purl.org/dc/terms/" xmlns:xsi="http://www.w3.org/2001/XMLSchema-instance" xmlns:doc="http://www.lyncode.com/xoai" xsi:schemaLocation="http://www.loc.gov/MARC21/slim http://www.loc.gov/standards/marcxml/schema/MARC21slim.xsd">
   <leader>00925njm 22002777a 4500</leader>
   <datafield ind2=" " ind1=" " tag="042">
      <subfield code="a">dc</subfield>
   </datafield>
   <datafield ind2=" " ind1=" " tag="720">
      <subfield code="a">Rovira Paunè, Gemma</subfield>
      <subfield code="e">author</subfield>
   </datafield>
   <datafield ind2=" " ind1=" " tag="260">
      <subfield code="c">2018-06-28</subfield>
   </datafield>
   <datafield ind2=" " ind1=" " tag="520">
      <subfield code="a">El Ti(C,N)-FeNi es un material compuesto con una microestructura heterogeniaque pertenece a la familia de los metales superduros. El material duro por excelenciaes el metal duro (WC-Co), pero este  presenta  una  problemática  grave  de  salud; el  ligante metálicoafecta  la  hemoglobina B12 y puede  producir  graves  problemas de  salud  durante  el  conformadode  estas  piezas.  Por  este motivoy también debido alaumentodel coste de las partículas cerámicas WC surge la necesidad de encontrar un nuevo material que en los próximos años sea un substitutivo de WC-Co. En este sentido, el Ti(C,N)-FeNi puede ser un buen candidato, yaqueel compuestopresenta unas buenas propiedades mecánicas. No  obstante,  la evaluación  directa  dela  respuesta  a  pequeña escala de estosmateriales bastante limitada. El presente trabajo fin de grado tiene como objetivo realizar un  estudio  de  las  propiedades mecánicasa escala  local  y  una  caracterización microestructuraltanto en 2D como en 3D mediante la observación de la microestructura tanto a nivel superficial como  a  nivel  volumétricomediante  una  tomografía  3D utilizandola técnicade  haz  de  iones focalizadosyrealizando unareconstrucciónutilizando el programa AVIZO 9.1, respectivamente. El objetivo  finala  largo  plazo de estetrabajo  final  de  gradoes  la  realización  de  un  protocolo  para poder predecir el comportamiento de materiales compuestos medianteun análisispor elementos finitos empleandoun  programario  tipoABACUSy  predecir  el  comportamiento  del  material compuesto  a compresión. Para  desarrollardichametodología,  el conocimientotanto de  los parámetrosmicroestructuralescomomicromecánicos es  necesario y de  esta  manera  poder diseñarnuevas microestructurascon  estas  propiedades  microestructurales  y  micromecánicas iguales  o  superiores  al  WC-Coa  partir  de  poco  material  y de  esta  manera reducir el  coste  del diseño y producción de nuevas micoestructuras.</subfield>
   </datafield>
   <datafield tag="653" ind2=" " ind1=" ">
      <subfield code="a">Àrees temàtiques de la UPC::Enginyeria dels materials::Materials compostos</subfield>
   </datafield>
   <datafield tag="653" ind2=" " ind1=" ">
      <subfield code="a">Composite materials</subfield>
   </datafield>
   <datafield tag="653" ind2=" " ind1=" ">
      <subfield code="a">Microstructure</subfield>
   </datafield>
   <datafield tag="653" ind2=" " ind1=" ">
      <subfield code="a">Ti(C</subfield>
   </datafield>
   <datafield tag="653" ind2=" " ind1=" ">
      <subfield code="a">N)-FeNi</subfield>
   </datafield>
   <datafield tag="653" ind2=" " ind1=" ">
      <subfield code="a">Caracterización micromecánica</subfield>
   </datafield>
   <datafield tag="653" ind2=" " ind1=" ">
      <subfield code="a">Reconstrucción tridimensional</subfield>
   </datafield>
   <datafield tag="653" ind2=" " ind1=" ">
      <subfield code="a">AVIZO</subfield>
   </datafield>
   <datafield tag="653" ind2=" " ind1=" ">
      <subfield code="a">Nanoindentación</subfield>
   </datafield>
   <datafield tag="653" ind2=" " ind1=" ">
      <subfield code="a">Caracterización micro estructural</subfield>
   </datafield>
   <datafield tag="653" ind2=" " ind1=" ">
      <subfield code="a">Diseño microestructural</subfield>
   </datafield>
   <datafield tag="653" ind2=" " ind1=" ">
      <subfield code="a">Materials compostos</subfield>
   </datafield>
   <datafield tag="653" ind2=" " ind1=" ">
      <subfield code="a">Microestructura</subfield>
   </datafield>
   <datafield ind2="0" ind1="0" tag="245">
      <subfield code="a">Protocolo para la predicción del comportamiento mecánico a escala macroscópica de materiales compuestos</subfield>
   </datafield>
</record></metadata></record></GetRecord></OAI-PMH>